<?xml version="1.0" encoding="UTF-8"?>
<record
    xmlns:xsi="http://www.w3.org/2001/XMLSchema-instance"
    xsi:schemaLocation="http://www.loc.gov/MARC21/slim http://www.loc.gov/standards/marcxml/schema/MARC21slim.xsd"
    xmlns="http://www.loc.gov/MARC21/slim">

  <leader>00786cam a2200205   4500</leader>
  <controlfield tag="005">20220330095334.0</controlfield>
  <controlfield tag="008">220328b        mx ||||| |||| 00| 0 spa d</controlfield>
  <datafield tag="050" ind1=" " ind2="4">
    <subfield code="a">Z711.2</subfield>
    <subfield code="b">I57 2000</subfield>
  </datafield>
  <datafield tag="245" ind1="0" ind2="3">
    <subfield code="a">La instrucci&#xF3;n de usuarios ante los nuevos modelos educativos </subfield>
    <subfield code="c"> / compiladores Jes&#xFA;s Lau , Jes&#xFA;s Cort&#xE9;s.</subfield>
  </datafield>
  <datafield tag="260" ind1="r" ind2="e">
    <subfield code="c">Ciudad Ju&#xE1;rez :</subfield>
    <subfield code="a">Universidad Aut&#xF3;noma de Ciudad Ju&#xE1;rez,</subfield>
    <subfield code="b">2000</subfield>
  </datafield>
  <datafield tag="300" ind1=" " ind2=" ">
    <subfield code="a">160 p. ;</subfield>
    <subfield code="c">22 cm</subfield>
  </datafield>
  <datafield tag="504" ind1=" " ind2=" ">
    <subfield code="a">Incluye bibliograf&#xED;a</subfield>
  </datafield>
  <datafield tag="546" ind1=" " ind2=" ">
    <subfield code="a">Presentaci&#xF3;n en ingl&#xE9;s y espa&#xF1;ol</subfield>
  </datafield>
  <datafield tag="650" ind1=" " ind2="7">
    <subfield code="2">lemb</subfield>
    <subfield code="a">Bibliotecas</subfield>
    <subfield code="x">Servicio de informaci&#xF3;n</subfield>
  </datafield>
  <datafield tag="650" ind1=" " ind2="7">
    <subfield code="2">lemb</subfield>
    <subfield code="a">Capacitaci&#xF3;n de usuarios de bibliotecas</subfield>
  </datafield>
  <datafield tag="650" ind1=" " ind2="7">
    <subfield code="a">Bibliotecas 	 </subfield>
    <subfield code="x">Educaci&#xF3;n superior</subfield>
  </datafield>
  <datafield tag="700" ind1="1" ind2=" ">
    <subfield code="a">Lau, Jes&#xFA;s,</subfield>
    <subfield code="e">compilador</subfield>
  </datafield>
  <datafield tag="700" ind1="1" ind2=" ">
    <subfield code="a">Cortes, Jes&#xFA;s,</subfield>
    <subfield code="e">compilador</subfield>
  </datafield>
  <datafield tag="942" ind1=" " ind2=" ">
    <subfield code="2">lcc</subfield>
    <subfield code="c">LIB</subfield>
  </datafield>
  <datafield tag="999" ind1=" " ind2=" ">
    <subfield code="c">101076</subfield>
    <subfield code="d">101076</subfield>
  </datafield>
  <datafield tag="952" ind1=" " ind2=" ">
    <subfield code="1">0</subfield>
    <subfield code="2">lcc</subfield>
    <subfield code="4">0</subfield>
    <subfield code="7">0</subfield>
    <subfield code="a">UCIH</subfield>
    <subfield code="b">UCIH</subfield>
    <subfield code="c">GENERAL</subfield>
    <subfield code="d">2022-03-28</subfield>
    <subfield code="f">1a ed.</subfield>
    <subfield code="k">EH</subfield>
    <subfield code="o">Z711.2 I57 2000</subfield>
    <subfield code="p">BCU000010267</subfield>
    <subfield code="r">2022-03-28 00:00:00</subfield>
    <subfield code="t">1</subfield>
    <subfield code="v">1.00</subfield>
    <subfield code="y">LIB</subfield>
    <subfield code="z">Fotocopias solo para investigaci&#xF3;n</subfield>
  </datafield>
</record>
